[Event "Madrid-ch U16"]
[Site "Madrid"]
[Date "2019.03.31"]
[Round "3"]
[White "Bujosa Del Rio, Diego"]
[Black "Gonzalez Jimenez, Gerardo"]
[Result "0-1"]
[WhiteElo "1243"]
[BlackElo "1652"]
[PlyCount "104"]
[EventDate "2019.03.30"]
[EventType "swiss"]
[EventRounds "6"]
[EventCountry "ESP"]
[SourceTitle "EXT 2021"]
[Source "ChessBase"]
[SourceDate "2020.10.23"]
[SourceVersion "1"]
[SourceVersionDate "2020.10.23"]
[SourceQuality "1"]

1. e4 e6 2. d4 d5 3. e5 c5 4. c3 Nc6 5. Nf3 Nge7 6. Be3 cxd4 7. cxd4 Nf5 8. Qd2 Qb6 9. Nc3 a6 10. a3 Bd7 11. Bd3 Nxe3 12. fxe3 Be7 13. Rc1 Na7 14. 0-0 0-0 15. Bc2 Qa5 16. Qd3 g6 17. Rf2 Rac8 18. Ne2 Bb5 19. Qd1 Rc7 20. Bd3 Rfc8 21. Rxc7 Rxc7 22. Nc3 Bc4 23. Rd2 Nb5 24. Nxb5 axb5 25. Rc2 Qa4 26. Bxc4 bxc4 27. Qc1 Rc6 28. g3 Ra6 29. Nd2 b5 30. Nb1 b4 31. axb4 Bxb4 32. Nc3 Qb3 33. Qd2 Ra2 34. Kg2 Bxc3 35. Qxc3 Qxc3 36. Rxc3 Rxb2+ 37. Kh3 Rb3 38. Rc2 Rxe3 39. Rd2 Rd3 40. Re2 Rxd4 41. Kg2 Rd3 42. Kf1 Kg7 43. Kg2 f6 44. Kh3 fxe5 45. Rxe5 Kf6 46. Re2 e5 47. Kg4 Rd4+ 48. Kf3 Kf5 49. Rf2 c3 50. Ke2+ Ke4 51. Ke1 Rd2 52. Rf7 Ke3 0-1

[Event "Madrid-ch U16"]
[Site "Madrid"]
[Date "2019.03.30"]
[Round "2"]
[White "Bujosa Del Rio, Diego"]
[Black "Bahillo Vallejo, Ignacio"]
[Result "0-1"]
[WhiteElo "1243"]
[BlackElo "1651"]
[PlyCount "182"]
[EventDate "2019.03.30"]
[EventType "swiss"]
[EventRounds "6"]
[EventCountry "ESP"]
[SourceTitle "EXT 2021"]
[Source "ChessBase"]
[SourceDate "2020.10.23"]
[SourceVersion "1"]
[SourceVersionDate "2020.10.23"]
[SourceQuality "1"]

1. e4 d5 2. f3 dxe4 3. fxe4 Nf6 4. Nc3 e6 5. Nf3 Bb4 6. d3 Nc6 7. Bd2 b6 8. a3 Be7 9. Bf4 a6 10. Be2 Bb7 11. Qd2 Qd7 12. h3 h6 13. h4 Nh5 14. Ne5 Nxe5 15. Bxh5 Bf6 16. 0-0-0 0-0-0 17. Rhf1 g6 18. Bf3 Qe7 19. g3 Nc4 20. Qe1 Nxa3 21. Qe3 Bd4 22. Qd2 Qc5 23. Bg4 f5 24. exf5 gxf5 25. Bf3 Bxf3 26. Rxf3 e5 27. Be3 Bxc3 28. Qxc3 Qxc3 29. bxc3 Rdf8 30. Rdf1 Nb5 31. Kd2 Nd6 32. h5 Kd7 33. c4 c5 34. Rb1 Kc6 35. Rf2 Rf6 36. Rf3 Rg8 37. Rg1 a5 38. Kc3 b5 39. cxb5+ Nxb5+ 40. Kc4 Nd4 41. Rf2 Rb8 42. Bxd4 Rb4+ 43. Kc3 cxd4+ 44. Kd2 Ra4 45. Rb1 Kc5 46. Rff1 Rb4 47. Ra1 Rb5 48. Rfe1 Kd5 49. Ra2 Rf7 50. Rf1 Ke6 51. Re1 Rg7 52. Rea1 Rxg3 53. Rxa5 Rg2+ 54. Kd1 Rg1+ 55. Ke2 Rxa1 56. Rxa1 Rc5 57. Kd2 Rc6 58. Rg1 Kf7 59. Rf1 f4 60. Re1 Kf6 61. Rg1 Kf5 62. Rg2 Rf6 63. Ke2 Ke6 64. Kf3 Kf7 65. Ke4 Ke6 66. Rf2 Rf5 67. Rh2 Rg5 68. Rh1 Rg3 69. Re1 Re3+ 70. Rxe3 fxe3 71. Kf3 Kf5 72. c3 dxc3 73. Kxe3 Kg5 74. Ke2 Kxh5 75. Kd1 Kg4 76. Kc2 h5 77. Kxc3 h4 78. Kd2 Kg3 79. Ke3 h3 80. Ke4 h2 81. Kxe5 h1Q 82. Kd4 Kf4 83. Kc4 Ke5 84. d4+ Ke6 85. Kc5 Qd5+ 86. Kb4 Qxd4+ 87. Kb3 Kd5 88. Kc2 Qe3 89. Kb2 Kc4 90. Ka2 Qe2+ 91. Kb1 Kb3 0-1